| 000 | 00657nam a2200241Ia 4500 | ||
|---|---|---|---|
| 003 | OSt | ||
| 005 | 20220927112754.0 | ||
| 006 | a|||||r|||| 00| 0 | ||
| 007 | ta | ||
| 008 | 220926b |||||||| |||| 00| 0 eng d | ||
| 024 | _a151690 | ||
| 037 | _cReports | ||
| 040 |
_aRTL _cRTL _beng |
||
| 041 |
_2eng _aeng |
||
| 082 | _a"X9(Ff182).2,w,HS, J9/GD/EC" | ||
| 110 | _a"India, Lok Sabha" | ||
| 245 | 0 | _aEstimates committee 1958 - 59 thirty third report (second lok sabha) | |
| 260 | _c1959 | ||
| 300 |
_a178p _ccm. |
||
| 700 | _a"India, Lok Sabha" | ||
| 942 |
_h"X9(Ff182).2,w,HS, J9/GD/EC" _cCC |
||
| 999 |
_c700620 _d700620 |
||